[Event "4NCL/Div4/GREN vs. SUTC"]
[Site "West Bromwich ENG"]
[Date "2006.12.03"]
[Round "4.5"]
[White "Hibbitt, Arthur M"]
[Black "Burgess, Thomas"]
[Result "1-0"]
[WhiteElo "1895"]
[BlackElo "1835"]
[PlyCount "139"]
[EventDate "2006.12.03"]
[EventType "team"]
[EventRounds "11"]
[EventCountry "ENG"]
[WhiteTeam "Grendels Mother"]
[BlackTeam "Sutton Coldfield"]

1. Nf3 e6 2. g3 f5 3. d3 Nf6 4. Bg2 d6 5. O-O Be7 6. Re1 O-O 7. c4 Nc6 8. Nc3
Bd7 9. a3 a5 10. b3 Rb8 11. Bb2 Be8 12. e4 fxe4 13. Ng5 Bd7 14. Ncxe4 e5 15.
Nxf6+ Rxf6 16. Bd5+ Kh8 17. Nf7+ Rxf7 18. Bxf7 Qf8 19. Bd5 Bf6 20. Ra2 Nd4 21.
Bxd4 exd4 22. Qf3 c6 23. Be6 Be8 24. Rae2 Bg6 25. Bg4 Bf7 26. Bh5 h6 27. Bxf7
Qxf7 28. Qf5 b5 29. cxb5 cxb5 30. Re6 Kg8 31. Qd5 Kh7 32. Rxd6 Qxd5 33. Rxd5 a4
34. Rb1 Ra8 35. Rxb5 axb3 36. R1xb3 Be7 37. Rd5 Bxa3 38. Rxd4 Bf8 39. Rd7 Ra2
40. d4 Rd2 41. Rf3 Bc5 42. d5 Kg6 43. g4 Bd4 44. h3 Rd1+ 45. Kg2 Rd2 46. Rb7
Bc5 47. Rff7 Rxd5 48. Rxg7+ Kf6 49. Rbf7+ Ke6 50. Rb7 Ke5 51. Rbd7 Bd6 52. Rg6
Rd2 53. Rdxd6 Rxd6 54. Rxd6 Kxd6 55. Kf3 Ke5 56. Ke3 Ke6 57. Ke4 Kf6 58. f4 Ke6
59. h4 Kf6 60. g5+ hxg5 61. hxg5+ Ke6 62. f5+ Kf7 63. Kd5 Ke7 64. Ke5 Kf7 65.
Kd6 Ke8 66. g6 Kf8 67. f6 Ke8 68. Ke6 Kf8 69. g7+ Kg8 70. Ke7 1-0

[Event "4NCL/Div4/HAL vs. HC"]
[Site "West Bromwich ENG"]
[Date "2006.12.03"]
[Round "4.1"]
[White "Thomas, Robert Kenneth"]
[Black "Tavoularis, Nicholas"]
[Result "0-1"]
[WhiteElo "2120"]
[BlackElo "2230"]
[PlyCount "88"]
[EventDate "2006.12.03"]
[EventType "team"]
[EventRounds "11"]
[EventCountry "ENG"]
[WhiteTeam "Halesowen"]
[BlackTeam "H Coventry"]

1. d4 f5 2. e4 fxe4 3. Nc3 Nf6 4. Bg5 d6 5. f3 exf3 6. Nxf3 Bg4 7. h3 Bh5 8. g4
Bf7 9. Qd2 c6 10. Bd3 Nbd7 11. Bh4 Qa5 12. Ng5 Bg8 13. a3 O-O-O 14. b4 Qb6 15.
Bf2 Qc7 16. Qe2 e5 17. dxe5 Nxe5 18. Bf5+ Kb8 19. Qe3 b6 20. O-O h6 21. Nf3 Nd5
22. Nxd5 Nxf3+ 23. Qxf3 Bxd5 24. Qd3 Bf7 25. c4 Be7 26. a4 Bf6 27. Ra3 Rhe8 28.
a5 Qb7 29. Qc2 b5 30. a6 Qa8 31. Bd3 bxc4 32. Bxc4 Bxc4 33. Qxc4 Re7 34. Rb1
Kc7 35. Rab3 Kd7 36. Rd1 Re6 37. Rbd3 Ke7 38. h4 Qc8 39. g5 hxg5 40. Bxa7 d5
41. Qc5+ Kf7 42. Bb6 Re4 43. R1d2 Qg4+ 44. Rg2 Re1+ 0-1

[Event "4NCL/Div4/HAL vs. HC"]
[Site "West Bromwich ENG"]
[Date "2006.12.03"]
[Round "4.2"]
[White "Stinton-Brownbridge, Michael"]
[Black "Doran, Michael J"]
[Result "1-0"]
[WhiteElo "2025"]
[BlackElo "2005"]
[PlyCount "83"]
[EventDate "2006.12.03"]
[EventType "team"]
[EventRounds "11"]
[EventCountry "ENG"]
[WhiteTeam "H Coventry"]
[BlackTeam "Halesowen"]

1. d4 Nf6 2. c4 e6 3. Nc3 Bb4 4. f3 c5 5. d5 b5 6. e4 bxc4 7. Bxc4 Nxe4 8. fxe4
Qh4+ 9. Kf1 Bxc3 10. bxc3 Qxe4 11. Qe2 Qxe2+ 12. Kxe2 Bb7 13. Rb1 Bxd5 14. Bxd5
exd5 15. Be3 d6 16. Nf3 Nd7 17. Bf4 Ke7 18. Kf2 Nb6 19. Rhe1+ Kd7 20. Re2 Rhe8
21. Rbe1 Rxe2+ 22. Rxe2 Nc4 23. Nd2 Nb2 24. Kf3 Rb8 25. Nb3 Na4 26. Re3 Rb7 27.
h4 Nb6 28. Na5 Rb8 29. h5 h6 30. Ke2 c4 31. Rg3 Na4 32. Rxg7 Nxc3+ 33. Ke3 Re8+
34. Kd2 Nxa2 35. Rxf7+ Ke6 36. Rxa7 c3+ 37. Kc2 Kf5 38. Bxh6 Re2+ 39. Kd3 Rxg2
40. Nc6 Kg4 41. Rg7+ Kxh5 42. Rxg2 1-0

[Event "4NCL/Div4/HAL vs. HC"]
[Site "West Bromwich ENG"]
[Date "2006.12.03"]
[Round "4.3"]
[White "Bull, Philip"]
[Black "Forman, Karl L"]
[Result "0-1"]
[WhiteElo "1915"]
[BlackElo "2029"]
[PlyCount "94"]
[EventDate "2006.12.03"]
[EventType "team"]
[EventRounds "11"]
[EventCountry "ENG"]
[WhiteTeam "Halesowen"]
[BlackTeam "H Coventry"]

1. d4 Nf6 2. e3 g6 3. Bd3 Bg7 4. f4 Nc6 5. c3 d6 6. Nf3 Bg4 7. h3 Bxf3 8. Qxf3
e5 9. fxe5 dxe5 10. Bb5 e4 11. Bxc6+ bxc6 12. Qf4 O-O 13. g4 Nd5 14. Qg3 c5 15.
O-O Qe7 16. b3 cxd4 17. cxd4 c5 18. Ba3 Rfc8 19. Nd2 Nxe3 20. Bxc5 Nxf1 21.
Rxf1 Rxc5 22. dxc5 Qxc5+ 23. Kg2 Re8 24. Qf4 Qd5 25. Nc4 e3+ 26. Qf3 Qe6 27.
Qe2 Qe4+ 28. Rf3 Re6 29. Qxe3 Qc2+ 30. Rf2 Qxc4 31. Qxa7 Qe4+ 32. Rf3 Rf6 33.
Qb8+ Bf8 34. Qg3 Bd6 35. Qf2 Bc5 36. Qf1 Kg7 37. a4 Rxf3 38. Qxf3 Qxf3+ 39.
Kxf3 Kf6 40. Ke4 Ke6 41. a5 f5+ 42. gxf5+ gxf5+ 43. Kf3 Ke5 44. a6 h5 45. b4
Ba7 46. h4 f4 47. b5 Kf5 0-1

[Event "4NCL/Div4/HAL vs. HC"]
[Site "West Bromwich ENG"]
[Date "2006.12.03"]
[Round "4.4"]
[White "Bullock, Andrew"]
[Black "Llewelyn, John D"]
[Result "0-1"]
[WhiteElo "1876"]
[BlackElo "1845"]
[PlyCount "112"]
[EventDate "2006.12.03"]
[EventType "team"]
[EventRounds "11"]
[EventCountry "ENG"]
[WhiteTeam "H Coventry"]
[BlackTeam "Halesowen"]

1. c4 Nf6 2. Nc3 c5 3. g3 d5 4. cxd5 Nxd5 5. Bg2 Nc7 6. Nf3 Nc6 7. O-O e5 8. d3
Be7 9. b3 O-O 10. Bb2 Bg4 11. Rc1 b6 12. Ne4 f6 13. a3 Qd7 14. Qc2 a5 15. e3
Rfd8 16. d4 exd4 17. exd4 Bxf3 18. Bxf3 Qf5 19. Qc4+ Qd5 20. Nxf6+ Bxf6 21.
Bxd5+ Rxd5 22. Rfd1 Rad8 23. dxc5 Kf8 24. Rxd5 Nxd5 25. Bxf6 gxf6 26. cxb6 Ne5
27. Qc5+ Kg7 28. b7 Nd3 29. b8=Q Rxb8 30. Rd1 Nxc5 31. Rxd5 Nxb3 32. Rd7+ Kg6
33. g4 a4 34. h4 h5 35. f3 Rc8 36. Kg2 Rc3 37. Kg3 Nc5 38. Rd5 hxg4 39. Kxg4
Rc4+ 40. f4 Ne6 41. h5+ Kh6 42. Rf5 Kg7 43. h6+ Kg6 44. h7 Kxh7 45. Rxf6 Nd4
46. Kg5 Kg7 47. Ra6 Kf7 48. Ra7+ Ke6 49. f5+ Nxf5 50. Ra6+ Nd6 51. Ra5 Kd7 52.
Kf6 Kc6 53. Ra6+ Kd5 54. Ra5+ Kd4 55. Ke6 Ne4 56. Ra6 Nc5+ 0-1

[Event "4NCL/Div4/HAL vs. HC"]
[Site "West Bromwich ENG"]
[Date "2006.12.03"]
[Round "4.5"]
[White "Uddin, Moin"]
[Black "Pedder, Stephane"]
[Result "1/2-1/2"]
[WhiteElo "1835"]
[BlackElo "1925"]
[PlyCount "42"]
[EventDate "2006.12.03"]
[EventType "team"]
[EventRounds "11"]
[EventCountry "ENG"]
[WhiteTeam "Halesowen"]
[BlackTeam "H Coventry"]

1. d4 Nf6 2. c4 b6 3. Nc3 Bb7 4. Nf3 e6 5. Bg5 Be7 6. Qc2 d6 7. e3 Nc6 8. a3 a6
9. Be2 Na7 10. O-O h6 11. Bh4 g5 12. Bg3 g4 13. Nd2 Qd7 14. e4 h5 15. e5 Nh7
16. Bd3 Ng5 17. Rfd1 O-O-O 18. Nde4 Nc6 19. Ne2 Nxe4 20. Bxe4 f5 21. Bd3 Rhf8
1/2-1/2

[Event "4NCL/Div4/HAL vs. HC"]
[Site "West Bromwich ENG"]
[Date "2006.12.03"]
[Round "4.6"]
[White "Alcock, Graham P"]
[Black "Evans, Joyce"]
[Result "1-0"]
[WhiteElo "1935"]
[BlackElo "1425"]
[PlyCount "55"]
[EventDate "2006.12.03"]
[EventType "team"]
[EventRounds "11"]
[EventCountry "ENG"]
[WhiteTeam "H Coventry"]
[BlackTeam "Halesowen"]

1. e4 e5 2. Nf3 Nc6 3. Bc4 Bc5 4. c3 Na5 5. Nxe5 Nxc4 6. Nxc4 Nf6 7. d4 Be7 8.
e5 Nd5 9. O-O O-O 10. f4 d6 11. Qf3 Nb6 12. Nbd2 Be6 13. Nxb6 axb6 14. f5 Rxa2
15. Rxa2 Bxa2 16. f6 gxf6 17. exf6 Bxf6 18. Qxf6 Qxf6 19. Rxf6 Re8 20. Kf2 Kg7
21. Rf4 d5 22. Nf3 h6 23. Rg4+ Kh7 24. Rh4 Kg6 25. Ne5+ Kf6 26. Rxh6+ Ke7 27.
Bg5+ Kf8 28. Bf6 1-0

[Event "4NCL/Div4/CELT vs. PONTY"]
[Site "West Bromwich ENG"]
[Date "2006.12.03"]
[Round "4.1"]
[White "Thomas, Robert K"]
[Black "Adams, Mark A"]
[Result "1/2-1/2"]
[WhiteElo "2132"]
[BlackElo "2000"]
[PlyCount "30"]
[EventDate "2006.12.03"]
[EventType "team"]
[EventRounds "11"]
[EventCountry "ENG"]
[WhiteTeam "Celtic Tigers"]
[BlackTeam "Pontypridd"]

1. d4 Nf6 2. c4 e6 3. Nc3 Bb4 4. Qc2 O-O 5. a3 Bxc3+ 6. Qxc3 b6 7. f3 d5 8. b3
Bb7 9. e3 Nbd7 10. Nh3 c5 11. dxc5 bxc5 12. Be2 Qb6 13. Bb2 Rfd8 14. O-O d4 15.
Qc2 e5 1/2-1/2

[Event "4NCL/Div4/CELT vs. PONTY"]
[Site "West Bromwich ENG"]
[Date "2006.12.03"]
[Round "4.2"]
[White "White, Ian G"]
[Black "French, Angus"]
[Result "0-1"]
[WhiteElo "2040"]
[BlackElo "2105"]
[PlyCount "68"]
[EventDate "2006.12.03"]
[EventType "team"]
[EventRounds "11"]
[EventCountry "ENG"]
[WhiteTeam "Pontypridd"]
[BlackTeam "Celtic Tigers"]

1. e4 Nf6 2. e5 Nd5 3. d4 d6 4. exd6 cxd6 5. Nf3 g6 6. c3 Bg7 7. g3 O-O 8. Bg2
Nc6 9. O-O Bg4 10. Nbd2 Qd7 11. Nc4 b5 12. Ne3 Nxe3 13. Bxe3 Rab8 14. Qd2 Rfc8
15. Rac1 a6 16. Ne1 Bh3 17. b3 Bxg2 18. Kxg2 e6 19. Rc2 Qb7 20. Kg1 Ne7 21. Ng2
Nf5 22. Rfc1 Rc7 23. c4 Rbc8 24. Nf4 Qe4 25. Ne2 h5 26. Nc3 Qb7 27. Ne2 Qe4 28.
Nc3 Qb7 29. Ne2 Qf3 30. Nf4 h4 31. Qe2 Qe4 32. d5 g5 33. Nh5 h3 34. Kf1 Qh1#
0-1

[Event "4NCL/Div4/CELT vs. PONTY"]
[Site "West Bromwich ENG"]
[Date "2006.12.03"]
[Round "4.3"]
[White "Evans, Craig"]
[Black "Gilbert, Jonathan A"]
[Result "1/2-1/2"]
[WhiteElo "2030"]
[BlackElo "2061"]
[PlyCount "37"]
[EventDate "2006.12.03"]
[EventType "team"]
[EventRounds "11"]
[EventCountry "ENG"]
[WhiteTeam "Celtic Tigers"]
[BlackTeam "Pontypridd"]

1. e4 c5 2. f4 e6 3. Nf3 Nc6 4. Bb5 Nge7 5. O-O a6 6. Bxc6 Nxc6 7. d3 d5 8. c3
Be7 9. Be3 O-O 10. Nbd2 b5 11. Ne5 Bb7 12. exd5 Nxe5 13. fxe5 Qxd5 14. Nf3 Rad8
15. d4 cxd4 16. cxd4 Rc8 17. Qd3 Rc7 18. a3 Rd8 19. Rac1 1/2-1/2

[Event "4NCL/Div4/CELT vs. PONTY"]
[Site "West Bromwich ENG"]
[Date "2006.12.03"]
[Round "4.4"]
[White "Robinson, David"]
[Black "Fathallah, Joe"]
[Result "0-1"]
[WhiteElo "1999"]
[BlackElo "1922"]
[PlyCount "66"]
[EventDate "2006.12.03"]
[EventType "team"]
[EventRounds "11"]
[EventCountry "ENG"]
[WhiteTeam "Pontypridd"]
[BlackTeam "Celtic Tigers"]

1. Nf3 e6 2. d4 f5 3. e3 Nf6 4. Bd3 b6 5. Nbd2 Bb7 6. Qe2 Ne4 7. Ne5 g6 8. Bxe4
fxe4 9. Qg4 Qe7 10. Nxe4 Nc6 11. Nxc6 Bxc6 12. O-O Bg7 13. c3 O-O-O 14. a4 h5
15. Qg5 Qf7 16. Nd2 Bh6 17. Qg3 g5 18. e4 g4 19. Qd3 Qg6 20. Re1 Rdf8 21. Nc4
d6 22. Bxh6 Rxh6 23. Nd2 h4 24. Re3 Qg7 25. d5 Bb7 26. a5 Kb8 27. axb6 axb6 28.
dxe6 Rxe6 29. Nb3 Ref6 30. Rf1 Qf7 31. Nd2 Rxf2 32. Rxf2 Qxf2+ 33. Kh1 Qxd2 0-1

[Event "4NCL/Div4/CELT vs. PONTY"]
[Site "West Bromwich ENG"]
[Date "2006.12.03"]
[Round "4.5"]
[White "Kitchen, Peter J"]
[Black "Davies, Peter L"]
[Result "1/2-1/2"]
[WhiteElo "1860"]
[BlackElo "1988"]
[PlyCount "40"]
[EventDate "2006.12.03"]
[EventType "team"]
[EventRounds "11"]
[EventCountry "ENG"]
[WhiteTeam "Celtic Tigers"]
[BlackTeam "Pontypridd"]

1. e4 e5 2. Nf3 Nc6 3. Bb5 a6 4. Ba4 Nf6 5. O-O Nxe4 6. d4 b5 7. Bb3 d5 8. dxe5
Be6 9. Be3 Be7 10. Nbd2 O-O 11. c3 Bg4 12. Nxe4 dxe4 13. Qxd8 Raxd8 14. Nd2
Nxe5 15. Nxe4 Nd3 16. f3 Bc8 17. Rab1 h6 18. Rfd1 Rfe8 19. Bc2 Ne5 20. Bb3 Bf8
1/2-1/2

[Event "4NCL/Div4/CELT vs. PONTY"]
[Site "West Bromwich ENG"]
[Date "2006.12.03"]
[Round "4.6"]
[White "Davis, Ashley"]
[Black "Larter, Nick"]
[Result "0-1"]
[WhiteElo "1535"]
[BlackElo "1706"]
[PlyCount "46"]
[EventDate "2006.12.03"]
[EventType "team"]
[EventRounds "11"]
[EventCountry "ENG"]
[WhiteTeam "Pontypridd"]
[BlackTeam "Celtic Tigers"]

1. d4 e6 2. Nf3 f5 3. g3 b6 4. Bg2 Bb7 5. O-O Nf6 6. c4 Be7 7. Bf4 O-O 8. Nc3
Nh5 9. Bc1 Qe8 10. b3 d6 11. e3 a6 12. Ne2 Nd7 13. Bb2 c5 14. Qd2 Ndf6 15. Qc1
Ne4 16. Nc3 Nhf6 17. Ng5 Nxg5 18. Bxb7 Qh5 19. Qd1 Ng4 20. h4 Ra7 21. Bg2 Nf7
22. Rc1 Bxh4 23. Bf3 Bxg3 0-1

[Event "4NCL/Div4/LEICS vs. GLOSG"]
[Site "West Bromwich ENG"]
[Date "2006.12.03"]
[Round "4.1"]
[White "Byron, Alan M"]
[Black "Hosken, Nigel"]
[Result "1-0"]
[WhiteElo "2260"]
[BlackElo "2008"]
[PlyCount "55"]
[EventDate "2006.12.03"]
[EventType "team"]
[EventRounds "11"]
[EventCountry "ENG"]
[WhiteTeam "Leicester"]
[BlackTeam "Glos Gambits"]

1. d4 d5 2. c4 c6 3. e3 Nf6 4. Nf3 e6 5. Nc3 Nbd7 6. Be2 dxc4 7. Bxc4 b5 8. Bb3
Bb7 9. O-O a5 10. e4 b4 11. e5 bxc3 12. exf6 Nxf6 13. bxc3 Be7 14. Qe2 Qd7 15.
Ne5 Qc8 16. Re1 Nd5 17. Bd2 O-O 18. c4 Nf6 19. c5 Nd5 20. Bc2 Qc7 21. Rab1 Bc8
22. Rb3 Bd7 23. Bxh7+ Kh8 24. Rh3 Nf6 25. Bg5 Qd8 26. Bxf6 Bxf6 27. Qh5 Bg5 28.
Qxf7 1-0

[Event "4NCL/Div4/LEICS vs. GLOSG"]
[Site "West Bromwich ENG"]
[Date "2006.12.03"]
[Round "4.2"]
[White "Ponter, Ian"]
[Black "Jones, Christopher M"]
[Result "0-1"]
[WhiteElo "2045"]
[BlackElo "2150"]
[PlyCount "118"]
[EventDate "2006.12.03"]
[EventType "team"]
[EventRounds "11"]
[EventCountry "ENG"]
[WhiteTeam "Glos Gambits"]
[BlackTeam "Leicester"]

1. e4 c6 2. d4 d5 3. Nc3 dxe4 4. Nxe4 Nf6 5. Nxf6+ exf6 6. c3 Bd6 7. Bd3 O-O 8.
Ne2 Qc7 9. h3 Be6 10. Be3 Nd7 11. Qd2 Rfe8 12. O-O Nb6 13. Nf4 Bc4 14. Rfe1
Bxd3 15. Nxd3 Nc4 16. Qc2 Nxe3 17. fxe3 Re7 18. e4 Rae8 19. Nf2 Bg3 20. Qd3 Qf4
21. Qf3 Qh4 22. Re3 Bxf2+ 23. Qxf2 Qxf2+ 24. Kxf2 Rxe4 25. Rxe4 Rxe4 26. Kf3
Re6 27. Rd1 Kf8 28. d5 cxd5 29. Rxd5 Ke7 30. Rd4 f5 31. Rd2 g5 32. c4 h5 33.
Rd5 Kf6 34. Rd7 Re7 35. Rd6+ Re6 36. Rd7 Re7 37. Rd6+ Kg7 38. Rd5 Kg6 39. Rd6+
f6 40. a3 g4+ 41. Kf2 h4 42. b4 Kg5 43. c5 g3+ 44. Kf1 f4 45. Rd3 Kf5 46. b5
Ke4 47. Rd6 Ke5 48. b6 axb6 49. Rxb6 Rc7 50. Rb5 Kd4 51. Rb4+ Ke3 52. Rb3+ Kd2
53. Rb2+ Kc3 54. Rb4 Rxc5 55. Rxf4 Kd2 56. Rd4+ Ke3 57. Rd1 Rf5+ 58. Kg1 Ke2
59. Rb1 Rd5 0-1

[Event "4NCL/Div4/LEICS vs. GLOSG"]
[Site "West Bromwich ENG"]
[Date "2006.12.03"]
[Round "4.3"]
[White "Salisbury, Michael W"]
[Black "Lambourne, Daniel M"]
[Result "1-0"]
[WhiteElo "2150"]
[BlackElo "2080"]
[PlyCount "81"]
[EventDate "2006.12.03"]
[EventType "team"]
[EventRounds "11"]
[EventCountry "ENG"]
[WhiteTeam "Leicester"]
[BlackTeam "Glos Gambits"]

1. e4 c5 2. Nf3 Nc6 3. d4 cxd4 4. Nxd4 Nf6 5. Nc3 d6 6. Be2 e5 7. Nb3 Be6 8.
O-O Be7 9. Be3 O-O 10. f3 d5 11. exd5 Nxd5 12. Nxd5 Qxd5 13. Qxd5 Bxd5 14. c3
f6 15. Rfd1 Rfd8 16. Rxd5 Rxd5 17. Bc4 Rad8 18. Rd1 Kf8 19. Rxd5 Rc8 20. Bb5 a6
21. Bxc6 bxc6 22. Rd2 Ke8 23. Nc5 a5 24. Nb7 Ra8 25. Bc5 a4 26. Bxe7 Kxe7 27.
a3 h5 28. Kf2 g5 29. g3 Ra7 30. Nd6 Rc7 31. c4 c5 32. Rd5 Rc6 33. Nb5 g4 34.
Nc3 Rb6 35. Nxa4 Rb3 36. fxg4 hxg4 37. Rd7+ Ke8 38. Rd2 e4 39. Nxc5 Rf3+ 40.
Kg2 f5 41. Rf2 1-0

[Event "4NCL/Div4/LEICS vs. GLOSG"]
[Site "West Bromwich ENG"]
[Date "2006.12.03"]
[Round "4.4"]
[White "Dodwell, Phil"]
[Black "Gibson, Christopher A"]
[Result "1/2-1/2"]
[WhiteElo "2065"]
[BlackElo "2056"]
[PlyCount "95"]
[EventDate "2006.12.03"]
[EventType "team"]
[EventRounds "11"]
[EventCountry "ENG"]
[WhiteTeam "Glos Gambits"]
[BlackTeam "Leicester"]

1. e4 c5 2. Nf3 d6 3. d4 cxd4 4. Nxd4 Nf6 5. Nc3 a6 6. Bc4 b5 7. Bb3 e6 8. Qf3
Qc7 9. Bg5 Be7 10. O-O-O O-O 11. Rhe1 Bb7 12. Bxf6 Bxf6 13. Ncxb5 axb5 14. Nxb5
Qb6 15. Nxd6 Rxa2 16. Nc4 Ra1+ 17. Kd2 Rxd1+ 18. Kxd1 Rd8+ 19. Kc1 Qd4 20. Kb1
Nc6 21. c3 Qd3+ 22. Qxd3 Rxd3 23. Kc2 Rd8 24. e5 Be7 25. f4 Ba6 26. Rd1 Rxd1
27. Kxd1 Bxc4 28. Bxc4 Bc5 29. Ke2 Kf8 30. Kf3 Ke7 31. Ke4 Bg1 32. h3 Bh2 33.
Bb5 Kd7 34. g4 g5 35. f5 Kc7 36. fxe6 fxe6 37. Bc4 Kd7 38. Bb5 Kc7 39. Bc4 Nd8
40. b4 Kb6 41. Bxe6 Nxe6 42. Kf5 Nc7 43. Kxg5 Bxe5 44. Kh6 Bxc3 45. Kxh7 Ne6
46. h4 Ng7 47. h5 Nxh5 48. gxh5 1/2-1/2

[Event "4NCL/Div4/LEICS vs. GLOSG"]
[Site "West Bromwich ENG"]
[Date "2006.12.03"]
[Round "4.5"]
[White "Hewitt, Sean D"]
[Black "Meade, Philip J"]
[Result "0-1"]
[WhiteElo "1945"]
[BlackElo "2050"]
[PlyCount "108"]
[EventDate "2006.12.03"]
[EventType "team"]
[EventRounds "11"]
[EventCountry "ENG"]
[WhiteTeam "Leicester"]
[BlackTeam "Glos Gambits"]

1. e4 c5 2. Nc3 Nc6 3. f4 g6 4. Nf3 Bg7 5. Bc4 e6 6. O-O Nge7 7. Qe2 O-O 8. Bb3
a6 9. a4 Nd4 10. Nxd4 Bxd4+ 11. Kh1 Nc6 12. f5 Qh4 13. g3 Qh3 14. d3 Be5 15.
Bf4 Nd4 16. Qe3 Nxb3 17. cxb3 Bd4 18. Qd2 f6 19. Bd6 Rf7 20. Ne2 exf5 21. exf5
b6 22. Nxd4 cxd4 23. fxg6 Bb7+ 24. Kg1 hxg6 25. Rf4 Qh5 26. Rxd4 Qf3 27. Re4
Bxe4 28. dxe4 Rc8 29. Re1 Rc6 30. Ba3 Kg7 31. b4 b5 32. axb5 axb5 33. b3 Qc3
34. Qf2 Qxb3 35. Bc1 Qxb4 36. Kh1 Rxc1 37. Rxc1 Qxe4+ 38. Kg1 Re7 39. Rd1 d5
40. Qc5 b4 41. Qxd5 Qxd5 42. Rxd5 Rb7 43. Rd2 Kf7 44. Kf2 Ke6 45. Kf3 b3 46.
Rb2 Kd5 47. Ke3 Kc4 48. Kd2 Rd7+ 49. Kc1 Kc3 50. Rf2 f5 51. g4 fxg4 52. Rg2 Rf7
53. Rg3+ Rf3 54. Rg2 Rf1# 0-1

[Event "4NCL/Div4/LEICS vs. GLOSG"]
[Site "West Bromwich ENG"]
[Date "2006.12.03"]
[Round "4.6"]
[White "Taylor, Geoffrey P"]
[Black "Turner, Lewis"]
[Result "1-0"]
[WhiteElo "2071"]
[BlackElo "1990"]
[PlyCount "45"]
[EventDate "2006.12.03"]
[EventType "team"]
[EventRounds "11"]
[EventCountry "ENG"]
[WhiteTeam "Glos Gambits"]
[BlackTeam "Leicester"]

1. e4 c5 2. Nf3 d6 3. d4 cxd4 4. Nxd4 Nf6 5. Nc3 g6 6. Be2 Bg7 7. Be3 Nc6 8.
O-O O-O 9. Nb3 Be6 10. f4 Na5 11. e5 Nxb3 12. exf6 Bxf6 13. axb3 a6 14. Bf3 Qc8
15. Na4 Qc7 16. Bb6 Qd7 17. Bd4 Bxd4+ 18. Qxd4 Rab8 19. Nb6 Qc7 20. c4 Rfe8 21.
Rad1 Rbd8 22. Rfe1 Bd7 23. Nd5 1-0

[Event "4NCL/Div4/WEA1 vs. ADD"]
[Site "West Bromwich ENG"]
[Date "2006.12.03"]
[Round "4.1"]
[White "Fraser, Joe P"]
[Black "Fenwick, Hugh"]
[Result "1/2-1/2"]
[WhiteElo "1983"]
[BlackElo "2035"]
[PlyCount "114"]
[EventDate "2006.12.03"]
[EventType "team"]
[EventRounds "11"]
[EventCountry "ENG"]
[WhiteTeam "W Collective 1"]
[BlackTeam "Addlestone"]

1. e4 e5 2. Nf3 Nf6 3. Bc4 Nxe4 4. Nc3 Nf6 5. Nxe5 d5 6. Bb3 Nc6 7. d4 Bb4 8.
O-O O-O 9. Bg5 Be6 10. Qd3 Be7 11. Rae1 Na5 12. f4 Nxb3 13. axb3 c6 14. f5 Bc8
15. Rf3 Qd6 16. Kh1 Ne8 17. Bf4 Qd8 18. Rfe3 Bg5 19. Bxg5 Qxg5 20. Nf3 Qd8 21.
Ne2 Nd6 22. Ng3 Qf6 23. Re5 Bd7 24. Nh5 Qh6 25. Ng3 Rae8 26. c4 Qf4 27. c5 Rxe5
28. Rxe5 Ne4 29. Nxe4 dxe4 30. Qxe4 Qxe4 31. Rxe4 Bxf5 32. Re7 Bc8 33. Nd2 Rd8
34. Nc4 Kf8 35. Rc7 Be6 36. Nd6 Rb8 37. Nxb7 Bxb3 38. Kg1 Bd5 39. Kf2 f6 40. g3
Re8 41. Nd6 Rb8 42. Rc8+ Rxc8 43. Nxc8 a6 44. Nb6 Bb3 45. Nd7+ Ke7 46. Nb8 Ba4
47. Nxa6 h5 48. Ke3 g5 49. Nb4 Ke6 50. Nd3 Kd5 51. Ne1 Bd1 52. Nd3 Ba4 53. b3
Bb5 54. Ne1 Bf1 55. Nf3 Bg2 56. Ne1 Bf1 57. Nd3 Bg2 1/2-1/2

[Event "4NCL/Div4/WEA1 vs. ADD"]
[Site "West Bromwich ENG"]
[Date "2006.12.03"]
[Round "4.2"]
[White "Albrecht, Theo"]
[Black "Prescott, Adam P"]
[Result "0-1"]
[WhiteElo "2025"]
[BlackElo "1934"]
[PlyCount "118"]
[EventDate "2006.12.03"]
[EventType "team"]
[EventRounds "11"]
[EventCountry "ENG"]
[WhiteTeam "Addlestone"]
[BlackTeam "W Collective 1"]

1. e4 g6 2. d3 Bg7 3. c3 d6 4. Nf3 Bg4 5. Be2 Bxf3 6. Bxf3 c6 7. O-O Nd7 8. Nd2
Qc7 9. Qc2 Ngf6 10. a3 a6 11. b4 O-O 12. g3 b5 13. Bb2 Nb6 14. Rac1 Rac8 15.
Ba1 c5 16. Qb1 c4 17. d4 Nfd7 18. Bg4 e6 19. f4 f5 20. exf5 exf5 21. Bf3 Nf6
22. Bg2 d5 23. Nf3 Ne4 24. Ne5 Bxe5 25. Bxe4 Bxd4+ 26. cxd4 dxe4 27. Rfe1 Nd5
28. Bc3 h6 29. Qa2 Rfd8 30. Qb2 Rd7 31. Rcd1 Rcd8 32. Re2 Qa7 33. Bd2 c3 34.
Bxc3 Nxc3 35. Qxc3 Rxd4 36. Rxd4 Qxd4+ 37. Qxd4 Rxd4 38. Rc2 Rd6 39. Kf2 Kf7
40. Ke2 g5 41. Rc3 Kg6 42. Re3 Kh5 43. h3 gxf4 44. gxf4 Kh4 45. Rc3 Rd3 46. Rc6
Rxa3 47. Rxh6+ Kg3 48. h4 Kxf4 49. Rg6 a5 50. bxa5 Rxa5 51. h5 Ra2+ 52. Kf1 Rh2
53. h6 b4 54. Rb6 b3 55. Rxb3 Rxh6 56. Kg2 Ra6 57. Rb2 Ra3 58. Rf2+ Kg4 59. Kf1
Rf3 0-1

[Event "4NCL/Div4/WEA1 vs. ADD"]
[Site "West Bromwich ENG"]
[Date "2006.12.03"]
[Round "4.3"]
[White "Tucker, Andrew L"]
[Black "Dupré, Paul D"]
[Result "0-1"]
[WhiteElo "1956"]
[BlackElo "2033"]
[PlyCount "58"]
[EventDate "2006.12.03"]
[EventType "team"]
[EventRounds "11"]
[EventCountry "ENG"]
[WhiteTeam "W Collective 1"]
[BlackTeam "Addlestone"]

1. d4 Nf6 2. Bg5 g6 3. Bxf6 exf6 4. e3 Bg7 5. Bd3 f5 6. Ne2 O-O 7. Nf4 d5 8.
Qf3 c6 9. Nd2 Nd7 10. h4 h5 11. c4 Nf6 12. g3 Qa5 13. a3 Ne4 14. b4 Qd8 15. c5
a5 16. Nb3 b6 17. Qe2 axb4 18. a4 bxc5 19. Bxe4 dxe4 20. Nxc5 Bxd4 21. exd4
Qxd4 22. Rc1 b3 23. Nxb3 Qb4+ 24. Nd2 Ba6 25. Qe3 Rfd8 26. Qc3 Qxa4 27. Qb3 Qd4
28. Qc3 Qd6 29. Qc5 Qxd2# 0-1

[Event "4NCL/Div4/WEA1 vs. ADD"]
[Site "West Bromwich ENG"]
[Date "2006.12.03"]
[Round "4.4"]
[White "Seale, Denis"]
[Black "Richardson, Joe M"]
[Result "0-1"]
[WhiteElo "1860"]
[BlackElo "2003"]
[PlyCount "76"]
[EventDate "2006.12.03"]
[EventType "team"]
[EventRounds "11"]
[EventCountry "ENG"]
[WhiteTeam "Addlestone"]
[BlackTeam "W Collective 1"]

1. d4 Nf6 2. c4 g6 3. Nc3 d5 4. cxd5 Nxd5 5. e4 Nxc3 6. bxc3 Bg7 7. Bc4 O-O 8.
Ne2 c5 9. O-O Qa5 10. Be3 cxd4 11. cxd4 Rd8 12. Qb3 e6 13. Rac1 a6 14. Rfd1 Bd7
15. Bd2 Qh5 16. Ng3 Qh4 17. Ba5 Re8 18. d5 b5 19. dxe6 bxc4 20. Qb7 Bxe6 21.
Qxa8 Qe7 22. Bb6 Be5 23. Qa7 Qa3 24. Be3 Bb2 25. Qb6 Nd7 26. Qc7 Bxc1 27. Bxc1
Qa4 28. Qd6 c3 29. Bh6 c2 30. Rc1 Qc4 31. f4 f6 32. f5 Nc5 33. fxe6 Nd3 34. Rf1
Ne5 35. Qd5 Qxd5 36. exd5 g5 37. Rxf6 c1=Q+ 38. Nf1 Ng4 0-1